000 00891nam a2200241 i 4500
001 106440
003 ES-MaACL
005 20230906184140.0
007 t|
008 061121m2005 sp ||||1| spa d
020 _a84-8164-809-4
080 _a929 Nietzsche, Friedrich
100 1 _aNietzsche, Friedrich,
_d1844-1900
_985718
245 1 0 _aCorrespondencia /
_cFriedrich Nietzsche ; traducción, introducción, notas y apéndices de Luis Enrique de Santiago Guervós.
260 _aMadrid :
_bTrotta :
_bFundación Goethe,
_c[2005-]
300 _av. <2> ;
_c23 cm.
505 8 _aV.1: Junio 1850-Abril 1869 -- V.2: Abril 1869-Diciembre 1874 -
600 1 4 _aNietzsche, Friedrich,
_d1844-1900-
_vCorrespondencia
_985720
700 1 _aSantiago Guervós, Luis Enrique de.
_9103401
710 2 _aFundación Goethe.
_94314
852 _aES-MaACL
_jP-1989
_bR.138150
999 _c106440
_d106440